|
|
|
|
| LEADER |
00000cam a2200000 7i4500 |
| 001 |
0000004812 |
| 002 |
000005187 |
| 005 |
20000330.0 |
| 020 |
|
|
|a 094659055
|
| 090 |
0 |
0 |
|a 306.0899923095954
|b COL
|
| 100 |
1 |
|
|a Colchester, Marcus
|
| 245 |
1 |
0 |
|a Pirates,Squatters and poachers :
|b the political ecology of dis possession of the Native Peoples of Sarawak
|c Marcus Colchester
|
| 260 |
|
|
|a Petaling Jaya :
|b Survival International INSAN ,
|c 1989
|
| 490 |
0 |
|
|a A report form survival International Published in association with INSAN
|
| 650 |
0 |
0 |
|a Tribes
|z Sarawak
|
| 999 |
|
|
|a 035466
|b BUKU
|c MALAYSIANA
|e PERPUSTAKAAN KOMUNITI PETALING JAYA
|